Natural wonders in China / (Record no. 611360)

000 -LEADER
fixed length control field 01091cam a2200337 a 4500
001 - CONTROL NUMBER
control field 15623180
005 - DATE AND TIME OF LATEST TRANSACTION
control field 20240903133718.0
008 - FIXED-LENGTH DATA ELEMENTS--GENERAL INFORMATION
fixed length control field 090212s2007 cc ab 000 0 eng d
010 ## - LIBRARY OF CONGRESS CONTROL NUMBER
LC control number 2009374699
020 ## - INTERNATIONAL STANDARD BOOK NUMBER
International Standard Book Number 9787508511047
020 ## - INTERNATIONAL STANDARD BOOK NUMBER
International Standard Book Number 7508511042
035 ## - SYSTEM CONTROL NUMBER
System control number (OCoLC)ocn191378973
040 ## - CATALOGING SOURCE
Original cataloging agency HUA
Transcribing agency HUA
Modifying agency DLC
041 1# - LANGUAGE CODE
Language code of text/sound track or separate title eng
Language code of original chi
042 ## - AUTHENTICATION CODE
Authentication code lccopycat
043 ## - GEOGRAPHIC AREA CODE
Geographic area code a-cc---
050 00 - LIBRARY OF CONGRESS CALL NUMBER
Classification number DS712
Item number .L55913 2007
082 ## - DEWEY DECIMAL CLASSIFICATION NUMBER
Classification number 951
Author Mark YAN
100 1# - MAIN ENTRY--PERSONAL NAME
Personal name Ying, Liu
9 (RLIN) 125632
240 10 - UNIFORM TITLE
Uniform title Zi ran zhi lü.
Language of a work English
245 10 - TITLE STATEMENT
Title Natural wonders in China /
Statement of responsibility, etc. Liu Ying ; translation by Zhou Xiaozheng.
260 ## - PUBLICATION, DISTRIBUTION, ETC.
Place of publication, distribution, etc. Beijing :
Name of publisher, distributor, etc. China Intercontinental Press,
Date of publication, distribution, etc. 2007.
300 ## - PHYSICAL DESCRIPTION
Extent 159 p. :
Other physical details col. ill., col. maps ;
Dimensions 25 cm.
440 #0 - SERIES STATEMENT/ADDED ENTRY--TITLE
Title Journey into China.
9 (RLIN) 125596
563 ## - BINDING INFORMATION
Binding note Paperback.
651 #0 - SUBJECT ADDED ENTRY--GEOGRAPHIC NAME
Geographic name China
General subdivision Description and travel.
9 (RLIN) 3620
651 #0 - SUBJECT ADDED ENTRY--GEOGRAPHIC NAME
Geographic name China
Form subdivision Guidebooks.
9 (RLIN) 4789
906 ## - LOCAL DATA ELEMENT F, LDF (RLIN)
a 7
b cbc
c copycat
d 3
e ncip
f 20
g y-gencatlg
942 ## - ADDED ENTRY ELEMENTS (KOHA)
Source of classification or shelving scheme
Koha item type Book
Holdings
Withdrawn status Lost status Source of classification or shelving scheme Damaged status Not for loan Permanent Location Current Location Shelving location Date acquired Source of acquisition Full call number Barcode Date last seen Price effective from Koha item type
          Central Library (CL) Central Library (CL) Chinese Studies 09/03/2024 Donated by Chinese Studies Center 951 YIN CL-D-2632 09/03/2024 09/03/2024 Book
© 2023 Central Library, National University of Sciences and Technology. All Rights Reserved.